<?xml version="1.0" encoding="UTF-8"?>
<record
    xmlns:xsi="http://www.w3.org/2001/XMLSchema-instance"
    xsi:schemaLocation="http://www.loc.gov/MARC21/slim http://www.loc.gov/standards/marcxml/schema/MARC21slim.xsd"
    xmlns="http://www.loc.gov/MARC21/slim">

  <leader>00811nas a2200241 454500</leader>
  <controlfield tag="001">32153</controlfield>
  <controlfield tag="005">20260407193508.0</controlfield>
  <controlfield tag="008">260407s1973####ag###########|||spa#d</controlfield>
  <controlfield tag="003">AR-UNSa-BCEJYS</controlfield>
  <datafield tag="040" ind1=" " ind2=" ">
    <subfield code="a">AR-UNSa-BCEJYS</subfield>
    <subfield code="b">spa</subfield>
    <subfield code="c">AR-UNSa-BCEJYS</subfield>
  </datafield>
  <datafield tag="080" ind1=" " ind2=" ">
    <subfield code="a">311.3</subfield>
    <subfield code="x">Organizaci&#xF3;n general de las estadisticas. Estad&#xED;stica oficial</subfield>
  </datafield>
  <datafield tag="245" ind1="1" ind2="0">
    <subfield code="a">Precios al por mayor</subfield>
    <subfield code="p">Estad&#xED;stica mensual</subfield>
  </datafield>
  <datafield tag="264" ind1=" " ind2="1">
    <subfield code="a">Buenos Aires :</subfield>
    <subfield code="b">INDEC</subfield>
    <subfield code="c">1973</subfield>
  </datafield>
  <datafield tag="310" ind1=" " ind2=" ">
    <subfield code="a">Frecuencia: Mensual</subfield>
  </datafield>
  <datafield tag="041" ind1=" " ind2=" ">
    <subfield code="a">spa</subfield>
  </datafield>
  <datafield tag="942" ind1=" " ind2=" ">
    <subfield code="c">SER</subfield>
  </datafield>
  <datafield tag="590" ind1=" " ind2=" ">
    <subfield code="a">niveau_biblio:s niveau_hierar:1</subfield>
  </datafield>
  <datafield tag="100" ind1="1" ind2=" ">
    <subfield code="a">Instituto Nacional de Estad&#xED;stica y Censos (INDEC)</subfield>
  </datafield>
  <datafield tag="650" ind1=" " ind2=" ">
    <subfield code="a">ESTADISTICA</subfield>
  </datafield>
  <datafield tag="650" ind1=" " ind2=" ">
    <subfield code="a">Datos estad&#xED;sticos</subfield>
  </datafield>
  <datafield tag="650" ind1=" " ind2=" ">
    <subfield code="a">PRECIOS</subfield>
  </datafield>
  <datafield tag="856" ind1="4" ind2="1">
    <subfield code="u">https://biblioeco.unsa.edu.ar/pmb/images/libros/precios_indec.jpg</subfield>
    <subfield code="y">Imagen de portada</subfield>
    <subfield code="q">image/jpeg</subfield>
  </datafield>
  <datafield tag="999" ind1=" " ind2=" ">
    <subfield code="c">8721</subfield>
    <subfield code="d">8721</subfield>
  </datafield>
  <datafield tag="952" ind1=" " ind2=" ">
    <subfield code="0">0</subfield>
    <subfield code="1">0</subfield>
    <subfield code="4">0</subfield>
    <subfield code="7">0</subfield>
    <subfield code="a">BCEJYS</subfield>
    <subfield code="b">BCEJYS</subfield>
    <subfield code="c">17</subfield>
    <subfield code="d">1984-12-01</subfield>
    <subfield code="h">N&#xBA; 144 - dic. 1984</subfield>
    <subfield code="l">0</subfield>
    <subfield code="o">H311.3 MAY 144</subfield>
    <subfield code="p">R15934</subfield>
    <subfield code="r">2026-04-10 16:09:16</subfield>
    <subfield code="w">2026-04-10</subfield>
    <subfield code="y">RN</subfield>
  </datafield>
  <datafield tag="952" ind1=" " ind2=" ">
    <subfield code="0">0</subfield>
    <subfield code="1">0</subfield>
    <subfield code="4">0</subfield>
    <subfield code="7">0</subfield>
    <subfield code="a">BCEJYS</subfield>
    <subfield code="b">BCEJYS</subfield>
    <subfield code="c">17</subfield>
    <subfield code="d">1982-06-01</subfield>
    <subfield code="h">N&#xBA; 114 - jun. 1982</subfield>
    <subfield code="l">0</subfield>
    <subfield code="o">H311.3 MAY 114</subfield>
    <subfield code="p">R15933</subfield>
    <subfield code="r">2026-04-10 16:09:16</subfield>
    <subfield code="w">2026-04-10</subfield>
    <subfield code="y">RN</subfield>
  </datafield>
  <datafield tag="952" ind1=" " ind2=" ">
    <subfield code="0">0</subfield>
    <subfield code="1">0</subfield>
    <subfield code="4">0</subfield>
    <subfield code="7">0</subfield>
    <subfield code="a">BCEJYS</subfield>
    <subfield code="b">BCEJYS</subfield>
    <subfield code="c">17</subfield>
    <subfield code="d">1982-05-01</subfield>
    <subfield code="h">N&#xBA; 113 - mayo 1982</subfield>
    <subfield code="l">0</subfield>
    <subfield code="o">H311.3 MAY 113</subfield>
    <subfield code="p">R15932</subfield>
    <subfield code="r">2026-04-10 16:09:16</subfield>
    <subfield code="w">2026-04-10</subfield>
    <subfield code="y">RN</subfield>
  </datafield>
  <datafield tag="952" ind1=" " ind2=" ">
    <subfield code="0">0</subfield>
    <subfield code="1">0</subfield>
    <subfield code="4">0</subfield>
    <subfield code="7">0</subfield>
    <subfield code="a">BCEJYS</subfield>
    <subfield code="b">BCEJYS</subfield>
    <subfield code="c">17</subfield>
    <subfield code="d">1982-04-01</subfield>
    <subfield code="h">N&#xBA; 112 - abr. 1982</subfield>
    <subfield code="l">0</subfield>
    <subfield code="o">H311.3 MAY 112</subfield>
    <subfield code="p">R15931</subfield>
    <subfield code="r">2026-04-10 16:09:16</subfield>
    <subfield code="w">2026-04-10</subfield>
    <subfield code="y">RN</subfield>
  </datafield>
  <datafield tag="952" ind1=" " ind2=" ">
    <subfield code="0">0</subfield>
    <subfield code="1">0</subfield>
    <subfield code="4">0</subfield>
    <subfield code="7">0</subfield>
    <subfield code="a">BCEJYS</subfield>
    <subfield code="b">BCEJYS</subfield>
    <subfield code="c">17</subfield>
    <subfield code="d">1981-06-01</subfield>
    <subfield code="h">N&#xBA; 102 - jun. 1981</subfield>
    <subfield code="l">0</subfield>
    <subfield code="o">H311.3 MAY 102</subfield>
    <subfield code="p">R15930</subfield>
    <subfield code="r">2026-04-10 16:09:16</subfield>
    <subfield code="w">2026-04-10</subfield>
    <subfield code="y">RN</subfield>
  </datafield>
  <datafield tag="952" ind1=" " ind2=" ">
    <subfield code="0">0</subfield>
    <subfield code="1">0</subfield>
    <subfield code="4">0</subfield>
    <subfield code="7">0</subfield>
    <subfield code="a">BCEJYS</subfield>
    <subfield code="b">BCEJYS</subfield>
    <subfield code="c">17</subfield>
    <subfield code="d">1981-05-01</subfield>
    <subfield code="h">N&#xBA; 101 - mayo 1981</subfield>
    <subfield code="l">0</subfield>
    <subfield code="o">H311.3 MAY 101</subfield>
    <subfield code="p">R15929</subfield>
    <subfield code="r">2026-04-10 16:09:16</subfield>
    <subfield code="w">2026-04-10</subfield>
    <subfield code="y">RN</subfield>
  </datafield>
  <datafield tag="952" ind1=" " ind2=" ">
    <subfield code="0">0</subfield>
    <subfield code="1">0</subfield>
    <subfield code="4">0</subfield>
    <subfield code="7">0</subfield>
    <subfield code="a">BCEJYS</subfield>
    <subfield code="b">BCEJYS</subfield>
    <subfield code="c">17</subfield>
    <subfield code="d">1980-03-01</subfield>
    <subfield code="h">N&#xBA; 87 - mar. 1980</subfield>
    <subfield code="l">0</subfield>
    <subfield code="o">H311.3 MAY 87</subfield>
    <subfield code="p">R15928</subfield>
    <subfield code="r">2026-04-10 16:09:16</subfield>
    <subfield code="w">2026-04-10</subfield>
    <subfield code="y">RN</subfield>
  </datafield>
  <datafield tag="952" ind1=" " ind2=" ">
    <subfield code="0">0</subfield>
    <subfield code="1">0</subfield>
    <subfield code="4">0</subfield>
    <subfield code="7">0</subfield>
    <subfield code="a">BCEJYS</subfield>
    <subfield code="b">BCEJYS</subfield>
    <subfield code="c">17</subfield>
    <subfield code="d">1980-02-01</subfield>
    <subfield code="h">N&#xBA; 81 - feb. 1980</subfield>
    <subfield code="l">0</subfield>
    <subfield code="o">H311.3 MAY 86</subfield>
    <subfield code="p">R15927</subfield>
    <subfield code="r">2026-04-10 16:09:16</subfield>
    <subfield code="w">2026-04-10</subfield>
    <subfield code="y">RN</subfield>
  </datafield>
  <datafield tag="952" ind1=" " ind2=" ">
    <subfield code="0">0</subfield>
    <subfield code="1">0</subfield>
    <subfield code="4">0</subfield>
    <subfield code="7">0</subfield>
    <subfield code="a">BCEJYS</subfield>
    <subfield code="b">BCEJYS</subfield>
    <subfield code="c">17</subfield>
    <subfield code="d">1979-08-01</subfield>
    <subfield code="h">N&#xBA; 80 - ago. 1979</subfield>
    <subfield code="l">0</subfield>
    <subfield code="o">H311.3 MAY 80</subfield>
    <subfield code="p">R15926</subfield>
    <subfield code="r">2026-04-10 16:09:16</subfield>
    <subfield code="w">2026-04-10</subfield>
    <subfield code="y">RN</subfield>
  </datafield>
  <datafield tag="952" ind1=" " ind2=" ">
    <subfield code="0">0</subfield>
    <subfield code="1">0</subfield>
    <subfield code="4">0</subfield>
    <subfield code="7">0</subfield>
    <subfield code="a">BCEJYS</subfield>
    <subfield code="b">BCEJYS</subfield>
    <subfield code="c">17</subfield>
    <subfield code="d">1979-07-01</subfield>
    <subfield code="h">N&#xBA; 79 - jul. 1979</subfield>
    <subfield code="l">0</subfield>
    <subfield code="o">H311.3 MAY 79</subfield>
    <subfield code="p">R15925</subfield>
    <subfield code="r">2026-04-10 16:09:16</subfield>
    <subfield code="w">2026-04-10</subfield>
    <subfield code="y">RN</subfield>
  </datafield>
  <datafield tag="952" ind1=" " ind2=" ">
    <subfield code="0">0</subfield>
    <subfield code="1">0</subfield>
    <subfield code="4">0</subfield>
    <subfield code="7">0</subfield>
    <subfield code="a">BCEJYS</subfield>
    <subfield code="b">BCEJYS</subfield>
    <subfield code="c">17</subfield>
    <subfield code="d">1979-03-01</subfield>
    <subfield code="h">N&#xBA; 75 - mar. 1979</subfield>
    <subfield code="l">0</subfield>
    <subfield code="o">H311.3 MAY 75</subfield>
    <subfield code="p">R15924</subfield>
    <subfield code="r">2026-04-10 16:09:16</subfield>
    <subfield code="w">2026-04-10</subfield>
    <subfield code="y">RN</subfield>
  </datafield>
  <datafield tag="952" ind1=" " ind2=" ">
    <subfield code="0">0</subfield>
    <subfield code="1">0</subfield>
    <subfield code="4">0</subfield>
    <subfield code="7">0</subfield>
    <subfield code="a">BCEJYS</subfield>
    <subfield code="b">BCEJYS</subfield>
    <subfield code="c">17</subfield>
    <subfield code="d">1979-01-01</subfield>
    <subfield code="h">N&#xBA; 73 - ene. 1979</subfield>
    <subfield code="l">0</subfield>
    <subfield code="o">H311.3 MAY 73</subfield>
    <subfield code="p">R15923</subfield>
    <subfield code="r">2026-04-10 16:09:16</subfield>
    <subfield code="w">2026-04-10</subfield>
    <subfield code="y">RN</subfield>
  </datafield>
  <datafield tag="952" ind1=" " ind2=" ">
    <subfield code="0">0</subfield>
    <subfield code="1">0</subfield>
    <subfield code="4">0</subfield>
    <subfield code="7">0</subfield>
    <subfield code="a">BCEJYS</subfield>
    <subfield code="b">BCEJYS</subfield>
    <subfield code="c">17</subfield>
    <subfield code="d">1978-09-01</subfield>
    <subfield code="h">N&#xBA; 69 - sep. 1978</subfield>
    <subfield code="l">0</subfield>
    <subfield code="o">H311.3 MAY 69</subfield>
    <subfield code="p">R15922</subfield>
    <subfield code="r">2026-04-10 16:09:16</subfield>
    <subfield code="w">2026-04-10</subfield>
    <subfield code="y">RN</subfield>
  </datafield>
  <datafield tag="952" ind1=" " ind2=" ">
    <subfield code="0">0</subfield>
    <subfield code="1">0</subfield>
    <subfield code="4">0</subfield>
    <subfield code="7">0</subfield>
    <subfield code="a">BCEJYS</subfield>
    <subfield code="b">BCEJYS</subfield>
    <subfield code="c">17</subfield>
    <subfield code="d">1978-07-01</subfield>
    <subfield code="h">N&#xBA; 67 - jul. 1978</subfield>
    <subfield code="l">0</subfield>
    <subfield code="o">H311.3 MAY 67</subfield>
    <subfield code="p">R15921</subfield>
    <subfield code="r">2026-04-10 16:09:16</subfield>
    <subfield code="w">2026-04-10</subfield>
    <subfield code="y">RN</subfield>
  </datafield>
  <datafield tag="952" ind1=" " ind2=" ">
    <subfield code="0">0</subfield>
    <subfield code="1">0</subfield>
    <subfield code="4">0</subfield>
    <subfield code="7">0</subfield>
    <subfield code="a">BCEJYS</subfield>
    <subfield code="b">BCEJYS</subfield>
    <subfield code="c">17</subfield>
    <subfield code="d">1978-06-01</subfield>
    <subfield code="h">N&#xBA; 66 - jun. 1978</subfield>
    <subfield code="l">0</subfield>
    <subfield code="o">H311.3 MAY 66</subfield>
    <subfield code="p">R15920</subfield>
    <subfield code="r">2026-04-10 16:09:16</subfield>
    <subfield code="w">2026-04-10</subfield>
    <subfield code="y">RN</subfield>
  </datafield>
  <datafield tag="952" ind1=" " ind2=" ">
    <subfield code="0">0</subfield>
    <subfield code="1">0</subfield>
    <subfield code="4">0</subfield>
    <subfield code="7">0</subfield>
    <subfield code="a">BCEJYS</subfield>
    <subfield code="b">BCEJYS</subfield>
    <subfield code="c">17</subfield>
    <subfield code="d">1978-05-01</subfield>
    <subfield code="h">N&#xBA; 65 - mayo 1978</subfield>
    <subfield code="l">0</subfield>
    <subfield code="o">H311.3 MAY 65</subfield>
    <subfield code="p">R15919</subfield>
    <subfield code="r">2026-04-10 16:09:16</subfield>
    <subfield code="w">2026-04-10</subfield>
    <subfield code="y">RN</subfield>
  </datafield>
  <datafield tag="952" ind1=" " ind2=" ">
    <subfield code="0">0</subfield>
    <subfield code="1">0</subfield>
    <subfield code="4">0</subfield>
    <subfield code="7">0</subfield>
    <subfield code="a">BCEJYS</subfield>
    <subfield code="b">BCEJYS</subfield>
    <subfield code="c">17</subfield>
    <subfield code="d">1978-04-01</subfield>
    <subfield code="h">N&#xBA; 64 - abr. 1978</subfield>
    <subfield code="l">0</subfield>
    <subfield code="o">H311.3 MAY 64</subfield>
    <subfield code="p">R15918</subfield>
    <subfield code="r">2026-04-10 16:09:16</subfield>
    <subfield code="w">2026-04-10</subfield>
    <subfield code="y">RN</subfield>
  </datafield>
  <datafield tag="952" ind1=" " ind2=" ">
    <subfield code="0">0</subfield>
    <subfield code="1">0</subfield>
    <subfield code="4">0</subfield>
    <subfield code="7">0</subfield>
    <subfield code="a">BCEJYS</subfield>
    <subfield code="b">BCEJYS</subfield>
    <subfield code="c">17</subfield>
    <subfield code="d">1978-03-01</subfield>
    <subfield code="h">N&#xBA; 63 - mar. 1978</subfield>
    <subfield code="l">0</subfield>
    <subfield code="o">H311.3 MAY 63</subfield>
    <subfield code="p">R15938</subfield>
    <subfield code="r">2026-04-10 16:09:16</subfield>
    <subfield code="w">2026-04-10</subfield>
    <subfield code="y">RN</subfield>
  </datafield>
  <datafield tag="952" ind1=" " ind2=" ">
    <subfield code="0">0</subfield>
    <subfield code="1">0</subfield>
    <subfield code="4">0</subfield>
    <subfield code="7">0</subfield>
    <subfield code="a">BCEJYS</subfield>
    <subfield code="b">BCEJYS</subfield>
    <subfield code="c">17</subfield>
    <subfield code="d">1978-02-01</subfield>
    <subfield code="h">N&#xBA; 62 - feb. 1978</subfield>
    <subfield code="l">0</subfield>
    <subfield code="o">H311.3 MAY 62</subfield>
    <subfield code="p">R15917</subfield>
    <subfield code="r">2026-04-10 16:09:16</subfield>
    <subfield code="w">2026-04-10</subfield>
    <subfield code="y">RN</subfield>
  </datafield>
  <datafield tag="952" ind1=" " ind2=" ">
    <subfield code="0">0</subfield>
    <subfield code="1">0</subfield>
    <subfield code="4">0</subfield>
    <subfield code="7">0</subfield>
    <subfield code="a">BCEJYS</subfield>
    <subfield code="b">BCEJYS</subfield>
    <subfield code="c">17</subfield>
    <subfield code="d">1978-01-01</subfield>
    <subfield code="h">N&#xBA; 61 - ene. 1978</subfield>
    <subfield code="l">0</subfield>
    <subfield code="o">H311.3 MAY 61</subfield>
    <subfield code="p">R15916</subfield>
    <subfield code="r">2026-04-10 16:09:16</subfield>
    <subfield code="w">2026-04-10</subfield>
    <subfield code="y">RN</subfield>
  </datafield>
  <datafield tag="952" ind1=" " ind2=" ">
    <subfield code="0">0</subfield>
    <subfield code="1">0</subfield>
    <subfield code="4">0</subfield>
    <subfield code="7">0</subfield>
    <subfield code="a">BCEJYS</subfield>
    <subfield code="b">BCEJYS</subfield>
    <subfield code="c">17</subfield>
    <subfield code="d">1977-11-01</subfield>
    <subfield code="h">N&#xBA; 59 - nov. 1977</subfield>
    <subfield code="l">0</subfield>
    <subfield code="o">H311.3 MAY 59</subfield>
    <subfield code="p">R15915</subfield>
    <subfield code="r">2026-04-10 16:09:16</subfield>
    <subfield code="w">2026-04-10</subfield>
    <subfield code="y">RN</subfield>
  </datafield>
  <datafield tag="952" ind1=" " ind2=" ">
    <subfield code="0">0</subfield>
    <subfield code="1">0</subfield>
    <subfield code="4">0</subfield>
    <subfield code="7">0</subfield>
    <subfield code="a">BCEJYS</subfield>
    <subfield code="b">BCEJYS</subfield>
    <subfield code="c">17</subfield>
    <subfield code="d">1977-10-01</subfield>
    <subfield code="h">N&#xBA; 58 - oct. 1977</subfield>
    <subfield code="l">0</subfield>
    <subfield code="o">H311.3 MAY 58</subfield>
    <subfield code="p">R15914</subfield>
    <subfield code="r">2026-04-10 16:09:16</subfield>
    <subfield code="w">2026-04-10</subfield>
    <subfield code="y">RN</subfield>
  </datafield>
  <datafield tag="952" ind1=" " ind2=" ">
    <subfield code="0">0</subfield>
    <subfield code="1">0</subfield>
    <subfield code="4">0</subfield>
    <subfield code="7">0</subfield>
    <subfield code="a">BCEJYS</subfield>
    <subfield code="b">BCEJYS</subfield>
    <subfield code="c">17</subfield>
    <subfield code="d">1977-09-01</subfield>
    <subfield code="h">N&#xBA; 57 - sep. 1977</subfield>
    <subfield code="l">0</subfield>
    <subfield code="o">H311.3 MAY 57</subfield>
    <subfield code="p">R15913</subfield>
    <subfield code="r">2026-04-10 16:09:16</subfield>
    <subfield code="w">2026-04-10</subfield>
    <subfield code="y">RN</subfield>
  </datafield>
  <datafield tag="952" ind1=" " ind2=" ">
    <subfield code="0">0</subfield>
    <subfield code="1">0</subfield>
    <subfield code="4">0</subfield>
    <subfield code="7">0</subfield>
    <subfield code="a">BCEJYS</subfield>
    <subfield code="b">BCEJYS</subfield>
    <subfield code="c">17</subfield>
    <subfield code="d">1977-08-01</subfield>
    <subfield code="h">N&#xBA; 56 - ago. 1977</subfield>
    <subfield code="l">0</subfield>
    <subfield code="o">H311.3 MAY 56</subfield>
    <subfield code="p">R15912</subfield>
    <subfield code="r">2026-04-10 16:09:16</subfield>
    <subfield code="w">2026-04-10</subfield>
    <subfield code="y">RN</subfield>
  </datafield>
  <datafield tag="952" ind1=" " ind2=" ">
    <subfield code="0">0</subfield>
    <subfield code="1">0</subfield>
    <subfield code="4">0</subfield>
    <subfield code="7">0</subfield>
    <subfield code="a">BCEJYS</subfield>
    <subfield code="b">BCEJYS</subfield>
    <subfield code="c">17</subfield>
    <subfield code="d">1977-07-01</subfield>
    <subfield code="h">N&#xBA; 55 - jul. 1977</subfield>
    <subfield code="l">0</subfield>
    <subfield code="o">H311.3 MAY 55</subfield>
    <subfield code="p">R15911</subfield>
    <subfield code="r">2026-04-10 16:09:16</subfield>
    <subfield code="w">2026-04-10</subfield>
    <subfield code="y">RN</subfield>
  </datafield>
  <datafield tag="952" ind1=" " ind2=" ">
    <subfield code="0">0</subfield>
    <subfield code="1">0</subfield>
    <subfield code="4">0</subfield>
    <subfield code="7">0</subfield>
    <subfield code="a">BCEJYS</subfield>
    <subfield code="b">BCEJYS</subfield>
    <subfield code="c">17</subfield>
    <subfield code="d">1977-06-01</subfield>
    <subfield code="h">N&#xBA; 54 - jun. 1977</subfield>
    <subfield code="l">0</subfield>
    <subfield code="o">H311.3 MAY 54</subfield>
    <subfield code="p">R15910</subfield>
    <subfield code="r">2026-04-10 16:09:16</subfield>
    <subfield code="w">2026-04-10</subfield>
    <subfield code="y">RN</subfield>
  </datafield>
  <datafield tag="952" ind1=" " ind2=" ">
    <subfield code="0">0</subfield>
    <subfield code="1">0</subfield>
    <subfield code="4">0</subfield>
    <subfield code="7">0</subfield>
    <subfield code="a">BCEJYS</subfield>
    <subfield code="b">BCEJYS</subfield>
    <subfield code="c">17</subfield>
    <subfield code="d">1977-05-01</subfield>
    <subfield code="h">N&#xBA; 53 - mayo 1977</subfield>
    <subfield code="l">0</subfield>
    <subfield code="o">H311.3 MAY 53</subfield>
    <subfield code="p">R15909</subfield>
    <subfield code="r">2026-04-10 16:09:16</subfield>
    <subfield code="w">2026-04-10</subfield>
    <subfield code="y">RN</subfield>
  </datafield>
  <datafield tag="952" ind1=" " ind2=" ">
    <subfield code="0">0</subfield>
    <subfield code="1">0</subfield>
    <subfield code="4">0</subfield>
    <subfield code="7">0</subfield>
    <subfield code="a">BCEJYS</subfield>
    <subfield code="b">BCEJYS</subfield>
    <subfield code="c">17</subfield>
    <subfield code="d">1977-04-01</subfield>
    <subfield code="h">N&#xBA; 52 - abr. 1977</subfield>
    <subfield code="l">0</subfield>
    <subfield code="o">H311.3 MAY 52</subfield>
    <subfield code="p">R15908</subfield>
    <subfield code="r">2026-04-10 16:09:16</subfield>
    <subfield code="w">2026-04-10</subfield>
    <subfield code="y">RN</subfield>
  </datafield>
  <datafield tag="952" ind1=" " ind2=" ">
    <subfield code="0">0</subfield>
    <subfield code="1">0</subfield>
    <subfield code="4">0</subfield>
    <subfield code="7">0</subfield>
    <subfield code="a">BCEJYS</subfield>
    <subfield code="b">BCEJYS</subfield>
    <subfield code="c">17</subfield>
    <subfield code="d">1977-03-01</subfield>
    <subfield code="h">N&#xBA; 51 - mar. 1977</subfield>
    <subfield code="l">0</subfield>
    <subfield code="o">H311.3 MAY 51</subfield>
    <subfield code="p">R15907</subfield>
    <subfield code="r">2026-04-10 16:09:16</subfield>
    <subfield code="w">2026-04-10</subfield>
    <subfield code="y">RN</subfield>
  </datafield>
  <datafield tag="952" ind1=" " ind2=" ">
    <subfield code="0">0</subfield>
    <subfield code="1">0</subfield>
    <subfield code="4">0</subfield>
    <subfield code="7">0</subfield>
    <subfield code="a">BCEJYS</subfield>
    <subfield code="b">BCEJYS</subfield>
    <subfield code="c">17</subfield>
    <subfield code="d">1977-02-01</subfield>
    <subfield code="h">N&#xBA; 50 - feb. 1977</subfield>
    <subfield code="l">0</subfield>
    <subfield code="o">H311.3 MAY 50</subfield>
    <subfield code="p">R15906</subfield>
    <subfield code="r">2026-04-10 16:09:16</subfield>
    <subfield code="w">2026-04-10</subfield>
    <subfield code="y">RN</subfield>
  </datafield>
  <datafield tag="952" ind1=" " ind2=" ">
    <subfield code="0">0</subfield>
    <subfield code="1">0</subfield>
    <subfield code="4">0</subfield>
    <subfield code="7">0</subfield>
    <subfield code="a">BCEJYS</subfield>
    <subfield code="b">BCEJYS</subfield>
    <subfield code="c">17</subfield>
    <subfield code="d">1977-01-01</subfield>
    <subfield code="h">N&#xBA; 49 - ene. 1977</subfield>
    <subfield code="l">0</subfield>
    <subfield code="o">H311.3 MAY 49</subfield>
    <subfield code="p">R15905</subfield>
    <subfield code="r">2026-04-10 16:09:16</subfield>
    <subfield code="w">2026-04-10</subfield>
    <subfield code="y">RN</subfield>
  </datafield>
  <datafield tag="952" ind1=" " ind2=" ">
    <subfield code="0">0</subfield>
    <subfield code="1">0</subfield>
    <subfield code="4">0</subfield>
    <subfield code="7">0</subfield>
    <subfield code="a">BCEJYS</subfield>
    <subfield code="b">BCEJYS</subfield>
    <subfield code="c">17</subfield>
    <subfield code="d">1976-12-01</subfield>
    <subfield code="h">N&#xBA; 48 - dic. 1976</subfield>
    <subfield code="l">0</subfield>
    <subfield code="o">H311.3 MAY 48</subfield>
    <subfield code="p">R15904</subfield>
    <subfield code="r">2026-04-10 16:09:16</subfield>
    <subfield code="w">2026-04-10</subfield>
    <subfield code="y">RN</subfield>
  </datafield>
  <datafield tag="952" ind1=" " ind2=" ">
    <subfield code="0">0</subfield>
    <subfield code="1">0</subfield>
    <subfield code="4">0</subfield>
    <subfield code="7">0</subfield>
    <subfield code="a">BCEJYS</subfield>
    <subfield code="b">BCEJYS</subfield>
    <subfield code="c">17</subfield>
    <subfield code="d">1976-10-01</subfield>
    <subfield code="h">N&#xBA; 46 - oct. 1976</subfield>
    <subfield code="l">0</subfield>
    <subfield code="o">H311.3 MAY 46</subfield>
    <subfield code="p">R15903</subfield>
    <subfield code="r">2026-04-10 16:09:16</subfield>
    <subfield code="w">2026-04-10</subfield>
    <subfield code="y">RN</subfield>
  </datafield>
  <datafield tag="952" ind1=" " ind2=" ">
    <subfield code="0">0</subfield>
    <subfield code="1">0</subfield>
    <subfield code="4">0</subfield>
    <subfield code="7">0</subfield>
    <subfield code="a">BCEJYS</subfield>
    <subfield code="b">BCEJYS</subfield>
    <subfield code="c">17</subfield>
    <subfield code="d">1976-09-01</subfield>
    <subfield code="h">N&#xBA; 45 - sep. 1976</subfield>
    <subfield code="l">0</subfield>
    <subfield code="o">H311.3 MAY 45</subfield>
    <subfield code="p">R15902</subfield>
    <subfield code="r">2026-04-10 16:09:16</subfield>
    <subfield code="w">2026-04-10</subfield>
    <subfield code="y">RN</subfield>
  </datafield>
  <datafield tag="952" ind1=" " ind2=" ">
    <subfield code="0">0</subfield>
    <subfield code="1">0</subfield>
    <subfield code="4">0</subfield>
    <subfield code="7">0</subfield>
    <subfield code="a">BCEJYS</subfield>
    <subfield code="b">BCEJYS</subfield>
    <subfield code="c">17</subfield>
    <subfield code="d">1976-08-01</subfield>
    <subfield code="h">N&#xBA; 44 - ago. 1976</subfield>
    <subfield code="l">0</subfield>
    <subfield code="o">H311.3 MAY 44</subfield>
    <subfield code="p">R15901</subfield>
    <subfield code="r">2026-04-10 16:09:16</subfield>
    <subfield code="w">2026-04-10</subfield>
    <subfield code="y">RN</subfield>
  </datafield>
  <datafield tag="952" ind1=" " ind2=" ">
    <subfield code="0">0</subfield>
    <subfield code="1">0</subfield>
    <subfield code="4">0</subfield>
    <subfield code="7">0</subfield>
    <subfield code="a">BCEJYS</subfield>
    <subfield code="b">BCEJYS</subfield>
    <subfield code="c">17</subfield>
    <subfield code="d">1976-06-01</subfield>
    <subfield code="h">N&#xBA; 42 - jun. 1976</subfield>
    <subfield code="l">0</subfield>
    <subfield code="o">H311.3 MAY 42</subfield>
    <subfield code="p">R15900</subfield>
    <subfield code="r">2026-04-10 16:09:16</subfield>
    <subfield code="w">2026-04-10</subfield>
    <subfield code="y">RN</subfield>
  </datafield>
  <datafield tag="952" ind1=" " ind2=" ">
    <subfield code="0">0</subfield>
    <subfield code="1">0</subfield>
    <subfield code="4">0</subfield>
    <subfield code="7">0</subfield>
    <subfield code="a">BCEJYS</subfield>
    <subfield code="b">BCEJYS</subfield>
    <subfield code="c">17</subfield>
    <subfield code="d">1976-05-01</subfield>
    <subfield code="h">N&#xBA; 41 - mayo 1976</subfield>
    <subfield code="l">0</subfield>
    <subfield code="o">H311.3 MAY 41</subfield>
    <subfield code="p">R15899</subfield>
    <subfield code="r">2026-04-10 16:09:16</subfield>
    <subfield code="w">2026-04-10</subfield>
    <subfield code="y">RN</subfield>
  </datafield>
  <datafield tag="952" ind1=" " ind2=" ">
    <subfield code="0">0</subfield>
    <subfield code="1">0</subfield>
    <subfield code="4">0</subfield>
    <subfield code="7">0</subfield>
    <subfield code="a">BCEJYS</subfield>
    <subfield code="b">BCEJYS</subfield>
    <subfield code="c">17</subfield>
    <subfield code="d">1976-04-01</subfield>
    <subfield code="h">N&#xBA; 40 - abr. 1976</subfield>
    <subfield code="l">0</subfield>
    <subfield code="o">H311.3 MAY 40</subfield>
    <subfield code="p">R15898</subfield>
    <subfield code="r">2026-04-10 16:09:16</subfield>
    <subfield code="w">2026-04-10</subfield>
    <subfield code="y">RN</subfield>
  </datafield>
  <datafield tag="952" ind1=" " ind2=" ">
    <subfield code="0">0</subfield>
    <subfield code="1">0</subfield>
    <subfield code="4">0</subfield>
    <subfield code="7">0</subfield>
    <subfield code="a">BCEJYS</subfield>
    <subfield code="b">BCEJYS</subfield>
    <subfield code="c">17</subfield>
    <subfield code="d">1976-03-01</subfield>
    <subfield code="h">N&#xBA; 39 - mar. 1976</subfield>
    <subfield code="l">0</subfield>
    <subfield code="o">H311.3 MAY 39</subfield>
    <subfield code="p">R15897</subfield>
    <subfield code="r">2026-04-10 16:09:16</subfield>
    <subfield code="w">2026-04-10</subfield>
    <subfield code="y">RN</subfield>
  </datafield>
  <datafield tag="952" ind1=" " ind2=" ">
    <subfield code="0">0</subfield>
    <subfield code="1">0</subfield>
    <subfield code="4">0</subfield>
    <subfield code="7">0</subfield>
    <subfield code="a">BCEJYS</subfield>
    <subfield code="b">BCEJYS</subfield>
    <subfield code="c">17</subfield>
    <subfield code="d">1975-12-01</subfield>
    <subfield code="h">N&#xBA; 36 - dic. 1975</subfield>
    <subfield code="l">0</subfield>
    <subfield code="o">H311.3 MAY 36</subfield>
    <subfield code="p">R15896</subfield>
    <subfield code="r">2026-04-10 16:09:16</subfield>
    <subfield code="w">2026-04-10</subfield>
    <subfield code="y">RN</subfield>
  </datafield>
  <datafield tag="952" ind1=" " ind2=" ">
    <subfield code="0">0</subfield>
    <subfield code="1">0</subfield>
    <subfield code="4">0</subfield>
    <subfield code="7">0</subfield>
    <subfield code="a">BCEJYS</subfield>
    <subfield code="b">BCEJYS</subfield>
    <subfield code="c">17</subfield>
    <subfield code="d">1975-11-01</subfield>
    <subfield code="h">N&#xBA; 35 - nov. 1975</subfield>
    <subfield code="l">0</subfield>
    <subfield code="o">H311.3 MAY 35</subfield>
    <subfield code="p">R15860</subfield>
    <subfield code="r">2026-04-10 16:09:16</subfield>
    <subfield code="w">2026-04-10</subfield>
    <subfield code="y">RN</subfield>
  </datafield>
  <datafield tag="952" ind1=" " ind2=" ">
    <subfield code="0">0</subfield>
    <subfield code="1">0</subfield>
    <subfield code="4">0</subfield>
    <subfield code="7">0</subfield>
    <subfield code="a">BCEJYS</subfield>
    <subfield code="b">BCEJYS</subfield>
    <subfield code="c">17</subfield>
    <subfield code="d">1975-10-01</subfield>
    <subfield code="h">N&#xBA; 34 - oct. 1975</subfield>
    <subfield code="l">0</subfield>
    <subfield code="o">H311.3 MAY 34</subfield>
    <subfield code="p">R15859</subfield>
    <subfield code="r">2026-04-10 16:09:16</subfield>
    <subfield code="w">2026-04-10</subfield>
    <subfield code="y">RN</subfield>
  </datafield>
  <datafield tag="952" ind1=" " ind2=" ">
    <subfield code="0">0</subfield>
    <subfield code="1">0</subfield>
    <subfield code="4">0</subfield>
    <subfield code="7">0</subfield>
    <subfield code="a">BCEJYS</subfield>
    <subfield code="b">BCEJYS</subfield>
    <subfield code="c">17</subfield>
    <subfield code="d">1975-09-01</subfield>
    <subfield code="h">N&#xBA; 33 - sep. 1975</subfield>
    <subfield code="l">0</subfield>
    <subfield code="o">H311.3 MAY 33</subfield>
    <subfield code="p">R15858</subfield>
    <subfield code="r">2026-04-10 16:09:16</subfield>
    <subfield code="w">2026-04-10</subfield>
    <subfield code="y">RN</subfield>
  </datafield>
  <datafield tag="952" ind1=" " ind2=" ">
    <subfield code="0">0</subfield>
    <subfield code="1">0</subfield>
    <subfield code="4">0</subfield>
    <subfield code="7">0</subfield>
    <subfield code="a">BCEJYS</subfield>
    <subfield code="b">BCEJYS</subfield>
    <subfield code="c">17</subfield>
    <subfield code="d">1975-08-01</subfield>
    <subfield code="h">N&#xBA; 32 - ago. 1975</subfield>
    <subfield code="l">0</subfield>
    <subfield code="o">H311.3 MAY 32</subfield>
    <subfield code="p">R15857</subfield>
    <subfield code="r">2026-04-10 16:09:16</subfield>
    <subfield code="w">2026-04-10</subfield>
    <subfield code="y">RN</subfield>
  </datafield>
  <datafield tag="952" ind1=" " ind2=" ">
    <subfield code="0">0</subfield>
    <subfield code="1">0</subfield>
    <subfield code="4">0</subfield>
    <subfield code="7">0</subfield>
    <subfield code="a">BCEJYS</subfield>
    <subfield code="b">BCEJYS</subfield>
    <subfield code="c">17</subfield>
    <subfield code="d">1975-06-01</subfield>
    <subfield code="h">N&#xBA; 30 - jun. 1975</subfield>
    <subfield code="l">0</subfield>
    <subfield code="o">H311.3 MAY 30</subfield>
    <subfield code="p">R15856</subfield>
    <subfield code="r">2026-04-10 16:09:16</subfield>
    <subfield code="w">2026-04-10</subfield>
    <subfield code="y">RN</subfield>
  </datafield>
  <datafield tag="952" ind1=" " ind2=" ">
    <subfield code="0">0</subfield>
    <subfield code="1">0</subfield>
    <subfield code="4">0</subfield>
    <subfield code="7">0</subfield>
    <subfield code="a">BCEJYS</subfield>
    <subfield code="b">BCEJYS</subfield>
    <subfield code="c">17</subfield>
    <subfield code="d">1975-05-01</subfield>
    <subfield code="h">N&#xBA; 29 - mayo 1975</subfield>
    <subfield code="l">0</subfield>
    <subfield code="o">H311.3 MAY 29</subfield>
    <subfield code="p">R15855</subfield>
    <subfield code="r">2026-04-10 16:09:16</subfield>
    <subfield code="w">2026-04-10</subfield>
    <subfield code="y">RN</subfield>
  </datafield>
  <datafield tag="952" ind1=" " ind2=" ">
    <subfield code="0">0</subfield>
    <subfield code="1">0</subfield>
    <subfield code="4">0</subfield>
    <subfield code="7">0</subfield>
    <subfield code="a">BCEJYS</subfield>
    <subfield code="b">BCEJYS</subfield>
    <subfield code="c">17</subfield>
    <subfield code="d">1975-04-01</subfield>
    <subfield code="h">N&#xBA; 28 - abr. 1975</subfield>
    <subfield code="l">0</subfield>
    <subfield code="o">H311.3 MAY 28</subfield>
    <subfield code="p">R15854</subfield>
    <subfield code="r">2026-04-10 16:09:16</subfield>
    <subfield code="w">2026-04-10</subfield>
    <subfield code="y">RN</subfield>
  </datafield>
  <datafield tag="952" ind1=" " ind2=" ">
    <subfield code="0">0</subfield>
    <subfield code="1">0</subfield>
    <subfield code="4">0</subfield>
    <subfield code="7">0</subfield>
    <subfield code="a">BCEJYS</subfield>
    <subfield code="b">BCEJYS</subfield>
    <subfield code="c">17</subfield>
    <subfield code="d">1975-03-01</subfield>
    <subfield code="h">N&#xBA; 27 - mar. 1975</subfield>
    <subfield code="l">0</subfield>
    <subfield code="o">H311.3 MAY 27</subfield>
    <subfield code="p">R15853</subfield>
    <subfield code="r">2026-04-10 16:09:16</subfield>
    <subfield code="w">2026-04-10</subfield>
    <subfield code="y">RN</subfield>
  </datafield>
  <datafield tag="952" ind1=" " ind2=" ">
    <subfield code="0">0</subfield>
    <subfield code="1">0</subfield>
    <subfield code="4">0</subfield>
    <subfield code="7">0</subfield>
    <subfield code="a">BCEJYS</subfield>
    <subfield code="b">BCEJYS</subfield>
    <subfield code="c">17</subfield>
    <subfield code="d">1975-02-01</subfield>
    <subfield code="h">N&#xBA; 26 - feb. 1975</subfield>
    <subfield code="l">0</subfield>
    <subfield code="o">H311.3 MAY 26</subfield>
    <subfield code="p">R15852</subfield>
    <subfield code="r">2026-04-10 16:09:16</subfield>
    <subfield code="w">2026-04-10</subfield>
    <subfield code="y">RN</subfield>
  </datafield>
  <datafield tag="952" ind1=" " ind2=" ">
    <subfield code="0">0</subfield>
    <subfield code="1">0</subfield>
    <subfield code="4">0</subfield>
    <subfield code="7">0</subfield>
    <subfield code="a">BCEJYS</subfield>
    <subfield code="b">BCEJYS</subfield>
    <subfield code="c">17</subfield>
    <subfield code="d">1975-01-01</subfield>
    <subfield code="h">N&#xBA; 25 - ene. 1975</subfield>
    <subfield code="l">0</subfield>
    <subfield code="o">H311.3 MAY 25</subfield>
    <subfield code="p">R15851</subfield>
    <subfield code="r">2026-04-10 16:09:16</subfield>
    <subfield code="w">2026-04-10</subfield>
    <subfield code="y">RN</subfield>
  </datafield>
  <datafield tag="952" ind1=" " ind2=" ">
    <subfield code="0">0</subfield>
    <subfield code="1">0</subfield>
    <subfield code="4">0</subfield>
    <subfield code="7">0</subfield>
    <subfield code="a">BCEJYS</subfield>
    <subfield code="b">BCEJYS</subfield>
    <subfield code="c">17</subfield>
    <subfield code="d">1974-11-01</subfield>
    <subfield code="h">N&#xBA; 23 - nov. 1974</subfield>
    <subfield code="l">0</subfield>
    <subfield code="o">H311.3 MAY 23</subfield>
    <subfield code="p">R15850</subfield>
    <subfield code="r">2026-04-10 16:09:16</subfield>
    <subfield code="w">2026-04-10</subfield>
    <subfield code="y">RN</subfield>
  </datafield>
  <datafield tag="952" ind1=" " ind2=" ">
    <subfield code="0">0</subfield>
    <subfield code="1">0</subfield>
    <subfield code="4">0</subfield>
    <subfield code="7">0</subfield>
    <subfield code="a">BCEJYS</subfield>
    <subfield code="b">BCEJYS</subfield>
    <subfield code="c">17</subfield>
    <subfield code="d">1974-10-01</subfield>
    <subfield code="h">N&#xBA; 22 - oct. 1974</subfield>
    <subfield code="l">0</subfield>
    <subfield code="o">H311.3 MAY 22</subfield>
    <subfield code="p">R15849</subfield>
    <subfield code="r">2026-04-10 16:09:16</subfield>
    <subfield code="w">2026-04-10</subfield>
    <subfield code="y">RN</subfield>
  </datafield>
  <datafield tag="952" ind1=" " ind2=" ">
    <subfield code="0">0</subfield>
    <subfield code="1">0</subfield>
    <subfield code="4">0</subfield>
    <subfield code="7">0</subfield>
    <subfield code="a">BCEJYS</subfield>
    <subfield code="b">BCEJYS</subfield>
    <subfield code="c">17</subfield>
    <subfield code="d">1974-08-01</subfield>
    <subfield code="h">N&#xBA; 20 - ago. 1974</subfield>
    <subfield code="l">0</subfield>
    <subfield code="o">H311.3 MAY 20</subfield>
    <subfield code="p">R15848</subfield>
    <subfield code="r">2026-04-10 16:09:16</subfield>
    <subfield code="w">2026-04-10</subfield>
    <subfield code="y">RN</subfield>
  </datafield>
  <datafield tag="952" ind1=" " ind2=" ">
    <subfield code="0">0</subfield>
    <subfield code="1">0</subfield>
    <subfield code="4">0</subfield>
    <subfield code="7">0</subfield>
    <subfield code="a">BCEJYS</subfield>
    <subfield code="b">BCEJYS</subfield>
    <subfield code="c">17</subfield>
    <subfield code="d">1974-07-01</subfield>
    <subfield code="h">N&#xBA; 19 - jul. 1974</subfield>
    <subfield code="l">0</subfield>
    <subfield code="o">H311.3 MAY 19</subfield>
    <subfield code="p">R15847</subfield>
    <subfield code="r">2026-04-10 16:09:16</subfield>
    <subfield code="w">2026-04-10</subfield>
    <subfield code="y">RN</subfield>
  </datafield>
  <datafield tag="952" ind1=" " ind2=" ">
    <subfield code="0">0</subfield>
    <subfield code="1">0</subfield>
    <subfield code="4">0</subfield>
    <subfield code="7">0</subfield>
    <subfield code="a">BCEJYS</subfield>
    <subfield code="b">BCEJYS</subfield>
    <subfield code="c">17</subfield>
    <subfield code="d">1974-06-01</subfield>
    <subfield code="h">N&#xBA; 18 - jun. 1974</subfield>
    <subfield code="l">0</subfield>
    <subfield code="o">H311.3 MAY 18</subfield>
    <subfield code="p">R15846</subfield>
    <subfield code="r">2026-04-10 16:09:16</subfield>
    <subfield code="w">2026-04-10</subfield>
    <subfield code="y">RN</subfield>
  </datafield>
  <datafield tag="952" ind1=" " ind2=" ">
    <subfield code="0">0</subfield>
    <subfield code="1">0</subfield>
    <subfield code="4">0</subfield>
    <subfield code="7">0</subfield>
    <subfield code="a">BCEJYS</subfield>
    <subfield code="b">BCEJYS</subfield>
    <subfield code="c">17</subfield>
    <subfield code="d">1974-05-01</subfield>
    <subfield code="h">N&#xBA; 17 - mayo 1974</subfield>
    <subfield code="l">0</subfield>
    <subfield code="o">H311.3 MAY 17</subfield>
    <subfield code="p">R15845</subfield>
    <subfield code="r">2026-04-10 16:09:16</subfield>
    <subfield code="w">2026-04-10</subfield>
    <subfield code="y">RN</subfield>
  </datafield>
  <datafield tag="952" ind1=" " ind2=" ">
    <subfield code="0">0</subfield>
    <subfield code="1">0</subfield>
    <subfield code="4">0</subfield>
    <subfield code="7">0</subfield>
    <subfield code="a">BCEJYS</subfield>
    <subfield code="b">BCEJYS</subfield>
    <subfield code="c">17</subfield>
    <subfield code="d">1974-04-01</subfield>
    <subfield code="h">N&#xBA; 16 - abr. 1974</subfield>
    <subfield code="l">0</subfield>
    <subfield code="o">H311.3 MAY 16</subfield>
    <subfield code="p">R15844</subfield>
    <subfield code="r">2026-04-10 16:09:16</subfield>
    <subfield code="w">2026-04-10</subfield>
    <subfield code="y">RN</subfield>
  </datafield>
  <datafield tag="952" ind1=" " ind2=" ">
    <subfield code="0">0</subfield>
    <subfield code="1">0</subfield>
    <subfield code="4">0</subfield>
    <subfield code="7">0</subfield>
    <subfield code="a">BCEJYS</subfield>
    <subfield code="b">BCEJYS</subfield>
    <subfield code="c">17</subfield>
    <subfield code="d">1974-03-01</subfield>
    <subfield code="h">N&#xBA; 15 - mar. 1974</subfield>
    <subfield code="l">0</subfield>
    <subfield code="o">H311.3 MAY 15</subfield>
    <subfield code="p">R15843</subfield>
    <subfield code="r">2026-04-10 16:09:16</subfield>
    <subfield code="w">2026-04-10</subfield>
    <subfield code="y">RN</subfield>
  </datafield>
  <datafield tag="952" ind1=" " ind2=" ">
    <subfield code="0">0</subfield>
    <subfield code="1">0</subfield>
    <subfield code="4">0</subfield>
    <subfield code="7">0</subfield>
    <subfield code="a">BCEJYS</subfield>
    <subfield code="b">BCEJYS</subfield>
    <subfield code="c">17</subfield>
    <subfield code="d">1974-02-01</subfield>
    <subfield code="h">N&#xBA; 14 - feb. 1974</subfield>
    <subfield code="l">0</subfield>
    <subfield code="o">H311.3 MAY 14</subfield>
    <subfield code="p">R15842</subfield>
    <subfield code="r">2026-04-10 16:09:16</subfield>
    <subfield code="w">2026-04-10</subfield>
    <subfield code="y">RN</subfield>
  </datafield>
  <datafield tag="952" ind1=" " ind2=" ">
    <subfield code="0">0</subfield>
    <subfield code="1">0</subfield>
    <subfield code="4">0</subfield>
    <subfield code="7">0</subfield>
    <subfield code="a">BCEJYS</subfield>
    <subfield code="b">BCEJYS</subfield>
    <subfield code="c">17</subfield>
    <subfield code="d">1974-01-01</subfield>
    <subfield code="h">N&#xBA; 13 - ene. 1974</subfield>
    <subfield code="l">0</subfield>
    <subfield code="o">H311.3 MAY 13</subfield>
    <subfield code="p">R15841</subfield>
    <subfield code="r">2026-04-10 16:09:16</subfield>
    <subfield code="w">2026-04-10</subfield>
    <subfield code="y">RN</subfield>
  </datafield>
  <datafield tag="952" ind1=" " ind2=" ">
    <subfield code="0">0</subfield>
    <subfield code="1">0</subfield>
    <subfield code="4">0</subfield>
    <subfield code="7">0</subfield>
    <subfield code="a">BCEJYS</subfield>
    <subfield code="b">BCEJYS</subfield>
    <subfield code="c">17</subfield>
    <subfield code="d">1973-12-01</subfield>
    <subfield code="h">N&#xBA; 12 - dic. 1973</subfield>
    <subfield code="l">0</subfield>
    <subfield code="o">H311.3 MAY 12</subfield>
    <subfield code="p">R15840</subfield>
    <subfield code="r">2026-04-10 16:09:16</subfield>
    <subfield code="w">2026-04-10</subfield>
    <subfield code="y">RN</subfield>
  </datafield>
  <datafield tag="952" ind1=" " ind2=" ">
    <subfield code="0">0</subfield>
    <subfield code="1">0</subfield>
    <subfield code="4">0</subfield>
    <subfield code="7">0</subfield>
    <subfield code="a">BCEJYS</subfield>
    <subfield code="b">BCEJYS</subfield>
    <subfield code="c">17</subfield>
    <subfield code="d">1973-11-01</subfield>
    <subfield code="h">N&#xBA; 11 - nov. 1973</subfield>
    <subfield code="l">0</subfield>
    <subfield code="o">H311.3 MAY 11</subfield>
    <subfield code="p">R15839</subfield>
    <subfield code="r">2026-04-10 16:09:16</subfield>
    <subfield code="w">2026-04-10</subfield>
    <subfield code="y">RN</subfield>
  </datafield>
  <datafield tag="952" ind1=" " ind2=" ">
    <subfield code="0">0</subfield>
    <subfield code="1">0</subfield>
    <subfield code="4">0</subfield>
    <subfield code="7">0</subfield>
    <subfield code="a">BCEJYS</subfield>
    <subfield code="b">BCEJYS</subfield>
    <subfield code="c">17</subfield>
    <subfield code="d">1973-10-01</subfield>
    <subfield code="h">N&#xBA; 10 - oct. 1973</subfield>
    <subfield code="l">0</subfield>
    <subfield code="o">H311.3 MAY 10</subfield>
    <subfield code="p">R15838</subfield>
    <subfield code="r">2026-04-10 16:09:16</subfield>
    <subfield code="w">2026-04-10</subfield>
    <subfield code="y">RN</subfield>
  </datafield>
  <datafield tag="952" ind1=" " ind2=" ">
    <subfield code="0">0</subfield>
    <subfield code="1">0</subfield>
    <subfield code="4">0</subfield>
    <subfield code="7">0</subfield>
    <subfield code="a">BCEJYS</subfield>
    <subfield code="b">BCEJYS</subfield>
    <subfield code="c">17</subfield>
    <subfield code="d">1973-09-01</subfield>
    <subfield code="h">N&#xBA; 9 - sep. 1973</subfield>
    <subfield code="l">0</subfield>
    <subfield code="o">H311.3 MAY 9</subfield>
    <subfield code="p">R15837</subfield>
    <subfield code="r">2026-04-10 16:09:16</subfield>
    <subfield code="w">2026-04-10</subfield>
    <subfield code="y">RN</subfield>
  </datafield>
  <datafield tag="952" ind1=" " ind2=" ">
    <subfield code="0">0</subfield>
    <subfield code="1">0</subfield>
    <subfield code="4">0</subfield>
    <subfield code="7">0</subfield>
    <subfield code="a">BCEJYS</subfield>
    <subfield code="b">BCEJYS</subfield>
    <subfield code="c">17</subfield>
    <subfield code="d">1973-08-01</subfield>
    <subfield code="h">N&#xBA; 8 - ago. 1973</subfield>
    <subfield code="l">0</subfield>
    <subfield code="o">H311.3 MAY 8</subfield>
    <subfield code="p">R15836</subfield>
    <subfield code="r">2026-04-10 16:09:16</subfield>
    <subfield code="w">2026-04-10</subfield>
    <subfield code="y">RN</subfield>
  </datafield>
  <datafield tag="952" ind1=" " ind2=" ">
    <subfield code="0">0</subfield>
    <subfield code="1">0</subfield>
    <subfield code="4">0</subfield>
    <subfield code="7">0</subfield>
    <subfield code="a">BCEJYS</subfield>
    <subfield code="b">BCEJYS</subfield>
    <subfield code="c">17</subfield>
    <subfield code="d">1973-07-01</subfield>
    <subfield code="h">N&#xBA; 7 - jul. 1973</subfield>
    <subfield code="l">0</subfield>
    <subfield code="o">H311.3 MAY 7</subfield>
    <subfield code="p">R15835</subfield>
    <subfield code="r">2026-04-10 16:09:16</subfield>
    <subfield code="w">2026-04-10</subfield>
    <subfield code="y">RN</subfield>
  </datafield>
  <datafield tag="952" ind1=" " ind2=" ">
    <subfield code="0">0</subfield>
    <subfield code="1">0</subfield>
    <subfield code="4">0</subfield>
    <subfield code="7">0</subfield>
    <subfield code="a">BCEJYS</subfield>
    <subfield code="b">BCEJYS</subfield>
    <subfield code="c">17</subfield>
    <subfield code="d">1973-06-01</subfield>
    <subfield code="h">N&#xBA; 6 - jun. 1973</subfield>
    <subfield code="l">0</subfield>
    <subfield code="o">H311.3 MAY 6</subfield>
    <subfield code="p">R15834</subfield>
    <subfield code="r">2026-04-10 16:09:16</subfield>
    <subfield code="w">2026-04-10</subfield>
    <subfield code="y">RN</subfield>
  </datafield>
  <datafield tag="952" ind1=" " ind2=" ">
    <subfield code="0">0</subfield>
    <subfield code="1">0</subfield>
    <subfield code="4">0</subfield>
    <subfield code="7">0</subfield>
    <subfield code="a">BCEJYS</subfield>
    <subfield code="b">BCEJYS</subfield>
    <subfield code="c">17</subfield>
    <subfield code="d">1973-05-01</subfield>
    <subfield code="h">N&#xBA; 5 - mayo 1973</subfield>
    <subfield code="l">0</subfield>
    <subfield code="o">H311.3 MAY 5</subfield>
    <subfield code="p">R15833</subfield>
    <subfield code="r">2026-04-10 16:09:16</subfield>
    <subfield code="w">2026-04-10</subfield>
    <subfield code="y">RN</subfield>
  </datafield>
  <datafield tag="952" ind1=" " ind2=" ">
    <subfield code="0">0</subfield>
    <subfield code="1">0</subfield>
    <subfield code="4">0</subfield>
    <subfield code="7">0</subfield>
    <subfield code="a">BCEJYS</subfield>
    <subfield code="b">BCEJYS</subfield>
    <subfield code="c">17</subfield>
    <subfield code="d">1973-04-01</subfield>
    <subfield code="h">N&#xBA; 4 - abr. 1973</subfield>
    <subfield code="l">0</subfield>
    <subfield code="o">H311.3 MAY 4</subfield>
    <subfield code="p">R15832</subfield>
    <subfield code="r">2026-04-10 16:09:16</subfield>
    <subfield code="w">2026-04-10</subfield>
    <subfield code="y">RN</subfield>
  </datafield>
  <datafield tag="952" ind1=" " ind2=" ">
    <subfield code="0">0</subfield>
    <subfield code="1">0</subfield>
    <subfield code="4">0</subfield>
    <subfield code="7">0</subfield>
    <subfield code="a">BCEJYS</subfield>
    <subfield code="b">BCEJYS</subfield>
    <subfield code="c">17</subfield>
    <subfield code="d">1973-03-01</subfield>
    <subfield code="h">N&#xBA; 3 - mar. 1973</subfield>
    <subfield code="l">0</subfield>
    <subfield code="o">H311.3 MAY 3</subfield>
    <subfield code="p">R15709</subfield>
    <subfield code="r">2026-04-10 16:09:16</subfield>
    <subfield code="w">2026-04-10</subfield>
    <subfield code="y">RN</subfield>
  </datafield>
</record>
